Radnica Čunovo

Guardado en:
Detalles Bibliográficos
Autor principal: Kiovský, Jaroslav (Autor)
Otros Autores: Závodný, Ľubomír (Orientador)
Formato: Manuscrito Libro
Lenguaje:eslovaco
Publicado: Bratislava 2021
Materias:
Acceso en línea:http://is.stuba.sk/zp/portal_zp.pl?podrobnosti=145741
Etiquetas: Agregar Etiqueta
Sin Etiquetas, Sea el primero en etiquetar este registro!

MARC

LEADER 00000ntm a22000003a 4500
001 stuzp86030
003 SK-STU
005 20211108103507.8
007 ta
008 150427s2015----xo-----f-mn---000-0-slo-d
040 |a STU  |b slo 
041 0 |a slo 
100 1 |a Kiovský, Jaroslav  |u 051110  |4 aut  |U FAD Fakulta architektúry a dizajnu  |T FAD Ústav architektúry obytných budov  |X 61702  |U A1110  |Y 392  |7 61702 
242 0 1 |a Town Hall, Čunovo  |y eng 
245 1 0 |a Radnica Čunovo 
260 |c 2021  |a Bratislava 
650 4 |a radnica  |2 slo 
650 4 |a sála  |2 slo 
650 4 |a inverzálna  |2 slo 
650 4 |a wedding hall  |2 eng 
650 4 |a universal  |2 eng 
650 4 |a Town hall  |2 eng 
700 1 |a Závodný, Ľubomír  |u 051110  |k Z1  |4 ths  |U FAD Fakulta architektúry a dizajnu  |T FAD Ústav architektúry obytných budov  |X 45410  |U A1110  |Y 392  |7 45410 
856 4 |u http://is.stuba.sk/zp/portal_zp.pl?podrobnosti=145741  |u https://opac.crzp.sk/?fn=detailBiblioForm&sid=6327E39BEACEDA03070D09820365